Isotope and geochemical parameters of hydrocarbon gases in bottom sediments of the shelf of the East Siberian Sea; Doklady Earth Sciences; Vol. 469, iss. 2
| Parent link: | Doklady Earth Sciences.— , 1933- Vol. 469, iss. 2.— 2016.— [P. 864–866] |
|---|---|
| Kurumsal yazarlar: | , |
| Diğer Yazarlar: | , , , , |
| Özet: | Title screen The research results on gas geochemistry of hydrocarbon gases in bottom sediments of the East Siberian Sea are presented. The key isotope and geochemical parameters of syn- and epigenetic hydrocarbon gases are determined. The correlations between the molecular masses of hydrocarbon fractions and the carbon isotope composition on hydrocarbon gases of various origin are revealed. Режим доступа: по договору с организацией-держателем ресурса |
| Dil: | İngilizce |
| Baskı/Yayın Bilgisi: |
2016
|
| Konular: | |
| Online Erişim: | http://dx.doi.org/10.1134/S1028334X16080225 |
| Materyal Türü: | MixedMaterials Elektronik Kitap Bölümü |
| KOHA link: | https://koha.lib.tpu.ru/cgi-bin/koha/opac-detail.pl?biblionumber=652225 |
MARC
| LEADER | 00000naa0a2200000 4500 | ||
|---|---|---|---|
| 001 | 652225 | ||
| 005 | 20250327150025.0 | ||
| 035 | |a (RuTPU)RU\TPU\network\17488 | ||
| 090 | |a 652225 | ||
| 100 | |a 20161206d2016 k||y0rusy50 ba | ||
| 101 | 0 | |a eng | |
| 102 | |a RU | ||
| 135 | |a drcn ---uucaa | ||
| 181 | 0 | |a i | |
| 182 | 0 | |a b | |
| 200 | 1 | |a Isotope and geochemical parameters of hydrocarbon gases in bottom sediments of the shelf of the East Siberian Sea |f A. I. Gresov [et al.] | |
| 203 | |a Text |c electronic | ||
| 300 | |a Title screen | ||
| 320 | |a [References: p. 866 (11 tit.)] | ||
| 330 | |a The research results on gas geochemistry of hydrocarbon gases in bottom sediments of the East Siberian Sea are presented. The key isotope and geochemical parameters of syn- and epigenetic hydrocarbon gases are determined. The correlations between the molecular masses of hydrocarbon fractions and the carbon isotope composition on hydrocarbon gases of various origin are revealed. | ||
| 333 | |a Режим доступа: по договору с организацией-держателем ресурса | ||
| 461 | |t Doklady Earth Sciences |d 1933- | ||
| 463 | |t Vol. 469, iss. 2 |v [P. 864–866] |d 2016 | ||
| 610 | 1 | |a электронный ресурс | |
| 610 | 1 | |a труды учёных ТПУ | |
| 610 | 1 | |a углеводородные газы | |
| 610 | 1 | |a геохимические параметры | |
| 610 | 1 | |a Восточно-Сибирское море | |
| 610 | 1 | |a шельфы | |
| 610 | 1 | |a донные отложения | |
| 701 | 1 | |a Gresov |b A. I. |g Alexander Ivanovich | |
| 701 | 1 | |a Shakhova |b N. E. |c geologist |c Professor of Tomsk Polytechnic University, doctor of geological-mineralogical Sciences |f 1959- |g Nataljya Evgenjevna |3 (RuTPU)RU\TPU\pers\35374 |9 18599 | |
| 701 | 1 | |a Sergienko |b V. I. |g Valentin | |
| 701 | 1 | |a Yatsuk |b A. V. | |
| 701 | 1 | |a Semiletov |b I. P. |c geographer |c Professor of Tomsk Polytechnic University, doctor of geographical Sciences |f 1955- |g Igor Petrovich |3 (RuTPU)RU\TPU\pers\34220 |9 17751 | |
| 712 | 0 | 2 | |a Национальный исследовательский Томский политехнический университет |b Институт природных ресурсов |b Кафедра геологии и разведки полезных ископаемых |3 (RuTPU)RU\TPU\col\18660 |9 27113 |
| 712 | 0 | 2 | |a Национальный исследовательский Томский политехнический университет |b Институт природных ресурсов |b Кафедра геологии и разведки полезных ископаемых |b Международная научно-образовательная лаборатория изучения углерода арктических морей |3 (RuTPU)RU\TPU\col\20711 |9 27810 |
| 801 | 2 | |a RU |b 63413507 |c 20170209 |g RCR | |
| 856 | 4 | |u http://dx.doi.org/10.1134/S1028334X16080225 | |
| 942 | |c CF | ||